MARC details
| 000 -LEADER |
| fixed length control field |
02188cam a2200313 4500 |
| 001 - CONTROL NUMBER |
| control field |
ABS65962 |
| 008 - FIXED-LENGTH DATA ELEMENTS--GENERAL INFORMATION |
| fixed length control field |
021003n2002 000 0 eng u |
| 035 ## - SYSTEM CONTROL NUMBER |
| System control number |
(Sirsi) u119991 |
| 245 ## - TITLE STATEMENT |
| Title |
Pumperninks of Piccadilly Ltd v Land Securities plc and others |
| 260 ## - PUBLICATION, DISTRIBUTION, ETC. |
| Date of publication, distribution, etc. |
2002 |
| 490 ## - SERIES STATEMENT |
| Series statement |
Weekly Law Reports |
| Volume/sequential designation |
[2002] 3 WLR 898-930(33) |
| 490 ## - SERIES STATEMENT |
| Series statement |
Property, Planning and Compensation Reports |
| Volume/sequential designation |
[2003] 1 P&CR 205-238(34) |
| 520 ## - SUMMARY, ETC. |
| Summary, etc. |
[2002] EWCA Civ 671, 10 May 2002. Defendant (L) demised to the tenant (P) a 25 year underlease for a shop forming part of a building defined as excluding all structural and loadbearing parts (an eggshell tenancy). L opposed P's application to renew the tenancy on the ground that it intended to demolish the demised premises or a substantial part of them, relying on Landlord and Tenant Act 1954 as amended by the Law of Property Act 1969 s 30(1)(f), 31A(1)(a). P's application was refused because (a) the tenant's part of the building could be demolished with the landlord having to gain possession in order to carry out intended works (b) P was not entitled to rely on s31A(1)(a) of the Act. "Held" (1) "demolish" and "reconstruct" in their ordinary meaning could be applied to the subject matter of an eggshell tenancy for the purpose of s31(1)(f) of the Act. (2) The condition in s31A(1)(a) of the Act was not satisfied and L could not reasonably carry out the works without obtaining possession. View judgment at www.courtservice.gov.uk/. |
| 590 ## - LOCAL NOTE (RLIN) |
| Local note |
ABS |
| 650 ## - SUBJECT ADDED ENTRY--TOPICAL TERM |
| Topical term or geographic name entry element |
EGGSHELL TENANCIES |
| 650 ## - SUBJECT ADDED ENTRY--TOPICAL TERM |
| Topical term or geographic name entry element |
PUMPERNINKS OF PICCADILLY LTD V LAND SECURITIES PLC AND OTHERS |
| 650 ## - SUBJECT ADDED ENTRY--TOPICAL TERM |
| Topical term or geographic name entry element |
DEMISED PREMISES |
| 650 ## - SUBJECT ADDED ENTRY--TOPICAL TERM |
| Topical term or geographic name entry element |
LANDLORD AND TENANT ACT 1954 |
| 650 ## - SUBJECT ADDED ENTRY--TOPICAL TERM |
| Topical term or geographic name entry element |
LAW OF PROPERTY ACT 1969 S7(1) |
| 650 ## - SUBJECT ADDED ENTRY--TOPICAL TERM |
| Topical term or geographic name entry element |
LAW OF PROPERTY ACT 1969 S30(1)(F) |
| 650 ## - SUBJECT ADDED ENTRY--TOPICAL TERM |
| Topical term or geographic name entry element |
LAW OF PROPERTY ACT 1969 S31A(1)(A) |
| 650 ## - SUBJECT ADDED ENTRY--TOPICAL TERM |
| Topical term or geographic name entry element |
HEATH V DROWN |
| 650 ## - SUBJECT ADDED ENTRY--TOPICAL TERM |
| Topical term or geographic name entry element |
SECURITY OF TENURE |
| 650 ## - SUBJECT ADDED ENTRY--TOPICAL TERM |
| Topical term or geographic name entry element |
DECCA NAVIGATOR CO LTD V GREATER LONDON COUNCIL |
| 650 ## - SUBJECT ADDED ENTRY--TOPICAL TERM |
| Topical term or geographic name entry element |
REDFERN V REEVES |
| 690 ## - LOCAL SUBJECT ADDED ENTRY--TOPICAL TERM (OCLC, RLIN) |
| Topical term or geographic name as entry element |
LANDLORD AND TENANT-BUSINESS TENANCIES-CASE LAW |
| 856 ## - ELECTRONIC LOCATION AND ACCESS |
| Uniform Resource Identifier |
<a href="https://www.courtservice.gov.uk/View.do?id=1168">https://www.courtservice.gov.uk/View.do?id=1168</a> |
| Hours access method available |
View judgment on the Court Service website... |
| 942 ## - ADDED ENTRY ELEMENTS (KOHA) |
| Suppress in OPAC |
0 |